Statistics for Countries With The Most Mammals

Click here to take the quiz!

General Stats

  • This quiz has been taken 10 times
  • The average score is 15 of 20

Answer Stats

NumberAnswer% Correct
7.440USA
100%
4.523Mexico
100%
1.670Indonesia
88%
10.376Kenya
88%
16.349Australia
88%
13.363Venezuela
88%
2.648Brazil
88%
11.374Argentina
88%
6.442Colombia
88%
3.551China
88%
8430D.R. Congo
75%
5.467Peru
75%
15.359Tanzania
75%
20.311Thailand
75%
9.412India
63%
12.372Ecuador
63%
17.336Malaysia
63%
18.335Cameroon
50%
14.363Bolivia
38%
19.319Uganda
38%

Score Distribution

Percentile by Number Answered

Percent of People with Each Score

Your Score History

You have not taken this quiz